| 000 | 01325cam a22003494a 4500 | ||
|---|---|---|---|
| 001 | 16044694 | ||
| 005 | 20100309124547.0 | ||
| 008 | 100107r20092007enk | 00| 0 eng d | ||
| 010 | _a2009504884 | ||
| 015 |
_aGBA947008 _2bnb |
||
| 016 | 7 |
_a015180781 _2Uk |
|
| 020 | _a9780199566044 (pbk.) | ||
| 020 | _a0199566046 (pbk.) | ||
| 035 | _a(OCoLC)ocn321015202 | ||
| 040 |
_aUKM _cUKM _dYDXCP _dDLC |
||
| 042 | _alccopycat | ||
| 050 | 0 | 0 |
_aJZ6385 _b.O94 2009 |
| 082 | 0 | 4 |
_a327.16 _222 _bOWE |
| 100 | 1 |
_aOwens, Patricia. _915583 |
|
| 245 | 1 | 0 |
_aBetween War and Politics : _bInternational Relations and the Thought of Hannah Arendt / _cPatricia Owens. |
| 250 | _a[Pbk. ed.] | ||
| 260 |
_aOxford : _bOxford University Press, _c2009. |
||
| 300 |
_a223 p. ; _c24 cm. |
||
| 500 | _aOriginally published: 2007. | ||
| 541 | _aBacca ; | ||
| 600 | 1 | 0 |
_aArendt, Hannah, _d1906-1975. _915584 |
| 650 | 0 |
_aInternational relations. _915585 |
|
| 650 | 0 |
_aPolitics and war. _915586 |
|
| 942 |
_2ddc _cBB |
||
| 999 |
_c14313 _d14313 |
||